000 00303nam a2200133Ia 4500
100 _aNandini K Jog
942 _cBK
654 _alogic
245 _aLogic circuits and digital design wiith experiements
260 _bSuneeti Jog
_c2003
082 _a621.29
_bNAN
300 _a445
546 _aENGLISH
999 _c22983
_d22983